00547nam a2200169Ia 4500003000900000008004100009040001600050080002500066110003300091245010700124260005000231300000900281500001900290650002900309650001800338650002100356IN-BaIIA211028s9999 xx 000 0 eng d cIIA Library a083.7:624.131.3bISI aIndian Standards Institution 0aIndian standard code of practice for site investigations for foundationscIndian Standards Institution aNew DelhibIndian Standards Institutionc1976 a37p. aIS 1892 : 1962 a Foundation Engineering a Standards  aNASA Thesaurus